Ipswich Town most expensive signings - Statistics

General Stats
  • This quiz has been taken 36 times
    22 since last reset
  • The average score is 6 of 10
Answer Stats
Signed from Season Price (€) Player % Correct
Manchester City 24/25 17.85 million Liam Delap
83%
Chelsea 24/25 23.5 million Omari Hutchinson
83%
Aston Villa 24/25 23.7 million Jaden Philogene
78%
Blackburn Rovers 24/25 10.6 million Sam Szmodics
67%
Hull City 24/25 21.5 million Jacob Greaves
61%
Burnley 24/25 9.55 million Arijanet Muric
56%
Sunderland 24/25 17.7 million Jack Clarke
56%
Burnley 24/25 14.2 million Dara O'Shea
50%
Luton Town 24/25 9.5 million Chiedozie Ogbene
44%
Wimbledon 00/01 6.75 million Hermann Hreidarsson
11%
No matching quizzes found
Score Distribution
Percent of People with Each Score
Percentile by Number Answered
Your Score History
You have not taken this quiz since the last reset